000 00902nam a2200277 i 4500
001 000017509
003 DO-SdBNP
005 20240308134209.0
007 ta
008 100326s1983 dr 000 0 spa d
040 _aDO-SdBNP
_bspa
_cBNPHU
_erda
049 _aBNPD
082 4 _bG615m
_222
100 1 _aGoico de Castro, Héctor Barón,
_938235
_eautor
245 1 0 _aMonografía del alguacil o curial /
_bHéctor Barón Goico de Castro.
264 _aSanto Domingo :
_bGente,
_c1983.
300 _a216 páginas;
_c21 cm.
336 _2rdacontent
_atexto
_btxt
337 _2rdamedia
_asin mediación
_bn
338 _2rdacarrier
_avolumen
_bnc
500 _aIncluye notas al pie de las páginas
500 _aObra didáctica para estudios de ministeriales, estudiantes de derecho y vademecun para los abogados.
590 _aInventariado, 2023/BT
910 _aBtavárez
942 _2ddc
_cLBS1
999 _c17034
_d17034